| 000 | 00449nam a2200169Ia 4500 | ||
|---|---|---|---|
| 008 | 230711s9999||||xx |||||||||||||| ||und|| | ||
| 020 | _a9790000000000 | ||
| 041 | _aENG | ||
| 082 |
_a720 _bSA-B |
||
| 100 | _aNandini Somaya Sampat | ||
| 245 | 0 |
_aBrinda Somaya Works & Continuities _bAn Architectural Monograph |
|
| 250 | _a1 Ed. | ||
| 260 |
_c2018 _aAhemdabad _bMapin Publishing Pvt.Ltd |
||
| 300 | _a491p. | ||
| 650 | _aArchitecture | ||
| 942 | _cBK | ||
| 999 |
_c6856 _d6856 |
||